[Event "Warsaw Superbet Blitz"]
[Site "Warsaw"]
[Date "2025.04.29"]
[Round "5"]
[White "Duda, Jan Krzysztof"]
[Black "Topalov, Veselin"]
[Result "0-1"]
[WhiteElo "2739"]
[BlackElo "2717"]
[PlyCount "136"]
[EventDate "2025.04.29"]
[EventType "tourn (blitz)"]
[EventRounds "18"]
[EventCountry "POL"]
[EventCategory "19"]
[SourceTitle "CB18_2025"]
[SourceDate "2025.04.30"]
[SourceVersion "1"]
[SourceVersionDate "2025.04.30"]
[SourceQuality "1"]

1. d4 Nf6 2. Nf3 c5 3. d5 b5 4. Bg5 g6 5. Bxf6 exf6 6. e3 b4 7. Nbd2 Bg7 8. Nc4 d6 9. Be2 0-0 10. 0-0 f5 11. a3 Nd7 12. axb4 cxb4 13. Nd4 Nb6 14. Na5 Qc7 15. Qd2 Bd7 16. Qxb4 Nxd5 17. Qd2 Nb6 18. Ra3 d5 19. Rfa1 h5 20. Rc3 Qd6 21. Rb3 Rfc8 22. c3 Qe7 23. Rba3 h4 24. h3 Bf6 25. b4 Be5 26. Nab3 Bd6 27. Rxa7 Rxa7 28. Rxa7 Qe5 29. f4 Qe8 30. Rb7 Na4 31. Bb5 Bxb5 32. Nxb5 Bf8 33. N3d4 Qe4 34. Kh2 Re8 35. Rd7 Qxe3 36. Qxe3 Rxe3 37. Rxd5 Nxc3 38. Nxc3 Rxc3 39. b5 Bh6 40. Ne2 Rc2 41. Re5 Rb2 42. Kg1 Bg7 43. Re8+ Kh7 44. Re7 Kg8 45. Re8+ Kh7 46. Re7 Bf8 47. Re5 Bd6 48. Rd5 Bc7 49. Kf1 Kg7 50. Ke1 Ba5+ 51. Kd1 Bb6 52. Ke1 Be3 53. Kd1 Kg8 54. Rd3 Bf2 55. Nc3 Bb6 56. Rd2 Rb4 57. Kc2 Ba5 58. Kd3 Rxf4 59. Ra2 Bb6 60. Ra6 Bg1 61. b6 Rb4 62. Nd5 Rd4+ 63. Kc3 Rxd5 64. b7 Bh2 65. Ra8+ Kg7 66. b8Q Bxb8 67. Rxb8 g5 68. Rb6 f4 0-1

[Event "Warsaw Superbet Rapid"]
[Site "Warsaw"]
[Date "2025.04.28"]
[Round "8"]
[White "Firouzja, Alireza"]
[Black "Topalov, Veselin"]
[Result "1-0"]
[WhiteElo "2757"]
[BlackElo "2717"]
[PlyCount "39"]
[EventDate "2025.04.26"]
[EventType "tourn (rapid)"]
[EventRounds "9"]
[EventCountry "POL"]
[EventCategory "19"]
[SourceTitle "CB18_2025"]
[SourceDate "2025.04.30"]
[SourceVersion "1"]
[SourceVersionDate "2025.04.30"]
[SourceQuality "1"]

1. e4 e5 2. Nf3 Nc6 3. Bc4 Nf6 4. d3 h6 5. c3 g5 6. d4 exd4 7. e5 d5 8. Bb5 Ne4 9. 0-0 d3 10. Qxd3 Nc5 11. Qc2 Bg7 12. Be3 Ne6 13. c4 dxc4 14. Rd1 Bd7 15. Nc3 0-0 16. Bxc6 bxc6 17. Ne4 g4 18. Bxh6 f5 19. exf6 Bxh6 20. Neg5 1-0

[Event "London WR Masters"]
[Site "London"]
[Date "2024.10.14"]
[Round "1.2"]
[White "Vidit, Santosh Gujrathi"]
[Black "Topalov, Veselin"]
[Result "1-0"]
[WhiteElo "2726"]
[BlackElo "2727"]
[PlyCount "105"]
[EventDate "2024.10.14"]
[EventType "k.o."]
[EventRounds "4"]
[EventCountry "ENG"]
[SourceTitle "CB43_2024"]
[Source "Chessbase"]
[SourceDate "2024.10.23"]
[SourceVersion "1"]
[SourceVersionDate "2024.10.23"]
[SourceQuality "1"]

1. d4 d5 2. c4 c6 3. cxd5 cxd5 4. Nf3 Nc6 5. Nc3 Nf6 6. Bf4 Ne4 7. e3 e6 8. Nxe4 dxe4 9. Nd2 Bb4 10. a3 Bxd2+ 11. Qxd2 0-0 12. Rc1 Ne7 13. Be2 Nd5 14. Bg3 Bd7 15. 0-0 Bc6 16. Qc2 Qd7 17. Rfe1 Ne7 18. Qc5 Rfc8 19. Qd6 Qe8 20. Qf4 h6 21. h4 Bd5 22. h5 Rc6 23. Rxc6 Qxc6 24. Qd6 Qe8 25. Rc1 Rd8 26. Qf4 Bc6 27. Qg4 Nf5 28. Rc5 b6 29. Rc3 Bd5 30. Rc7 Rc8 31. Bb5 Qd8 32. Rxa7 Qg5 33. Qxg5 Rc1+ 34. Kh2 hxg5 35. Be8 Nh6 36. Bd6 Rf1 37. Be7 Rxf2 38. Bxg5 Rf5 39. Bxh6 Rxh5+ 40. Kg1 Rxh6 41. Ra6 e5 42. dxe5 Bc6 43. Bxc6 Rxc6 44. Ra4 Rc1+ 45. Kh2 Rc2 46. Rb4 Re2 47. Kg3 g5 48. Rxb6 Rxe3+ 49. Kf2 Rd3 50. a4 Rd2+ 51. Ke3 Rxg2 52. a5 Rg1 53. Kxe4 1-0

[Event "Salamanca Masters 6th"]
[Site "Salamanca"]
[Date "2023.04.29"]
[Round "6"]
[White "Topalov, Veselin"]
[Black "Ivanchuk, Vassily"]
[Result "0-1"]
[WhiteElo "2728"]
[BlackElo "2656"]
[PlyCount "68"]
[EventDate "2023.04.26"]
[EventType "tourn (rapid)"]
[EventRounds "7"]
[EventCountry "ESP"]
[EventCategory "13"]
[SourceTitle "CBM 213 Extra"]
[Source "ChessBase"]
[SourceDate "2023.05.31"]
[SourceVersion "1"]
[SourceVersionDate "2023.05.31"]
[SourceQuality "1"]

1. e4 c5 2. Nf3 e6 3. d4 cxd4 4. Nxd4 Nc6 5. Nc3 Qc7 6. Be3 a6 7. a3 Nf6 8. f4 d6 9. Qf3 Be7 10. 0-0-0 0-0 11. Nxc6 bxc6 12. g4 d5 13. g5 Nd7 14. f5 Ne5 15. Qg2 exf5 16. exd5 Bb7 17. Be2 Rac8 18. d6 Bxd6 19. Qf2 g6 20. h4 Rfe8 21. h5 Ng4 22. Bxg4 Bg3 23. Qf1 Rxe3 24. hxg6 hxg6 25. Qh3 Be5 26. Qh7+ Kf8 27. Bxf5 gxf5 28. g6 Bg7 29. gxf7 Qxf7 30. Rdf1 f4 31. Qh4 f3 32. Nd1 Re6 33. Rh3 c5 34. Qg4 Rce8 0-1

[Event "Salamanca Masters 6th"]
[Site "Salamanca"]
[Date "2023.04.28"]
[Round "5"]
[White "Vega Gutierrez, Sabrina Neide"]
[Black "Topalov, Veselin"]
[Result "0-1"]
[WhiteElo "2370"]
[BlackElo "2728"]
[PlyCount "51"]
[EventDate "2023.04.26"]
[EventType "tourn (rapid)"]
[EventRounds "7"]
[EventCountry "ESP"]
[EventCategory "13"]
[SourceTitle "CBM 213 Extra"]
[Source "ChessBase"]
[SourceDate "2023.05.31"]
[SourceVersion "1"]
[SourceVersionDate "2023.05.31"]
[SourceQuality "1"]

1. e4 c5 2. Nf3 d6 3. d4 cxd4 4. Nxd4 Nf6 5. Nc3 a6 6. Bd3 e6 7. f4 g6 8. Qe2 Bg7 9. Nf3 Nc6 10. 0-0 0-0 11. Kh1 b5 12. a3 Bb7 13. Bd2 Rc8 14. Rae1 Nd7 15. Nd1 Nc5 16. Qf2 e5 17. b4 Nxd3 18. cxd3 f5 19. exf5 Rxf5 20. Ne3 Rxf4 21. Nd5 Rf7 22. Bg5 Qf8 23. Qa2 Kh8 24. Kg1 Rf5 25. Be3 Qg8 26. Ng5 0-1

[Event "Salamanca Masters 6th"]
[Site "Salamanca"]
[Date "2023.04.27"]
[Round "4"]
[White "Topalov, Veselin"]
[Black "Santos Latasa, Jaime"]
[Result "1/2-1/2"]
[WhiteElo "2728"]
[BlackElo "2656"]
[PlyCount "93"]
[EventDate "2023.04.26"]
[EventType "tourn (rapid)"]
[EventRounds "7"]
[EventCountry "ESP"]
[EventCategory "13"]
[SourceTitle "CBM 213 Extra"]
[Source "ChessBase"]
[SourceDate "2023.05.31"]
[SourceVersion "1"]
[SourceVersionDate "2023.05.31"]
[SourceQuality "1"]

1. d4 Nf6 2. Bg5 e6 3. e4 h6 4. Bxf6 Qxf6 5. Nc3 b6 6. Qd2 Bb7 7. 0-0-0 Bb4 8. f3 Qg5 9. Nge2 Qxd2+ 10. Rxd2 Nc6 11. a3 Be7 12. h4 0-0-0 13. h5 Na5 14. Nf4 Bg5 15. g3 Nc6 16. d5 Ne7 17. Bh3 Kb8 18. Kd1 e5 19. Nd3 Bxd2 20. Kxd2 d6 21. f4 c6 22. fxe5 cxd5 23. exd6 Rxd6 24. e5 d4 25. Ne4 Bxe4 26. Re1 Rdd8 27. Rxe4 Rhf8 28. Nf4 a5 29. a4 Rfe8 30. e6 Ng8 31. Kd3 Nf6 32. Re5 fxe6 33. Rxe6 Kc7 34. Bf5 Rd6 35. Rxe8 Nxe8 36. Ne6+ Kc6 37. Nxd4+ Kd5 38. c3 Ke5 39. g4 Nc7 40. Kc4 Nd5 41. Kb5 Nc7+ 42. Kc4 Kf4 43. b4 axb4 44. cxb4 Ke5 45. Nf3+ Kf4 46. Nd4 Ke5 47. Nf3+ 1/2-1/2

[Event "Salamanca Masters 5th"]
[Site "Salamanca"]
[Date "2022.10.26"]
[Round "1"]
[White "Kosteniuk, Alexandra"]
[Black "Topalov, Veselin"]
[Result "0-1"]
[WhiteElo "2521"]
[BlackElo "2728"]
[PlyCount "114"]
[EventDate "2022.10.26"]
[EventType "tourn (rapid)"]
[EventRounds "7"]
[EventCountry "ESP"]
[EventCategory "13"]
[SourceTitle "EXT 2024"]
[Source "ChessBase"]
[SourceDate "2023.10.10"]
[SourceVersion "1"]
[SourceVersionDate "2023.10.10"]
[SourceQuality "1"]

1. e4 e5 2. Nf3 Nc6 3. Bc4 Bc5 4. d3 Nf6 5. a4 d6 6. a5 a6 7. c3 h6 8. 0-0 0-0 9. b4 Ba7 10. Nbd2 Ne7 11. Re1 Ng6 12. Nf1 c6 13. Bb3 d5 14. Be3 Bxe3 15. Rxe3 Re8 16. Ng3 Be6 17. Qc2 Qc7 18. h3 Rad8 19. c4 d4 20. Ree1 Qc8 21. Kh2 Nf4 22. Ng1 c5 23. bxc5 Qxc5 24. Qd2 Qc8 25. Reb1 Bd7 26. Bd1 Bc6 27. N1e2 Ne6 28. Ba4 Bxa4 29. Rxa4 Nc5 30. Ra3 Kh7 31. f4 Qc7 32. Rf1 g6 33. fxe5 Qxe5 34. Nf4 Rf8 35. Kg1 Nfd7 36. Rf3 Qg5 37. Nf1 Ne5 38. Rg3 Qh4 39. Qb4 Rc8 40. Nd5 f5 41. exf5 Rxf5 42. Qe1 Rcf8 43. Nd2 Ncxd3 44. Raxd3 Nxd3 45. Qe7+ Qxe7 46. Nxe7 Re5 47. Nxg6 Re1+ 48. Kh2 Rg8 49. Rxd3 Rxg6 50. Nf3 Re2 51. Nh4 Rd6 52. Nf5 Rd7 53. Kg3 Rc2 54. Kf4 Rxg2 55. Nxd4 Rg5 56. Ke4 Rh5 57. Kf4 Rxa5 0-1

[Event "Zagreb SuperUnited Blitz"]
[Site "Zagreb"]
[Date "2022.07.24"]
[Round "18"]
[White "Mamedyarov, Shakhriyar"]
[Black "Topalov, Veselin"]
[Result "1-0"]
[WhiteElo "2759"]
[BlackElo "2728"]
[PlyCount "61"]
[EventDate "2022.07.23"]
[EventType "tourn (blitz)"]
[EventRounds "18"]
[EventCountry "CRO"]
[EventCategory "21"]
[SourceTitle "CBM 209 Extra"]
[Source "ChessBase"]
[SourceDate "2022.09.30"]
[SourceVersion "1"]
[SourceVersionDate "2022.09.30"]
[SourceQuality "1"]

1. d4 d5 2. c4 e6 3. Nc3 Nf6 4. cxd5 Nxd5 5. e4 Nxc3 6. bxc3 c5 7. Nf3 cxd4 8. cxd4 Bb4+ 9. Bd2 Bxd2+ 10. Qxd2 0-0 11. Bc4 Nd7 12. 0-0 b6 13. Rad1 Bb7 14. Rfe1 Rc8 15. Bb3 Re8 16. d5 exd5 17. Nd4 g6 18. Nb5 Nc5 19. e5 Ne4 20. Qf4 Qd7 21. Nxa7 Ra8 22. Rxe4 Rxa7 23. h4 Ra5 24. Re3 Qe7 25. h5 Rc5 26. h6 Rd8 27. Rf3 Bc8 28. Qb4 Qc7 29. Qh4 Rc6 30. Bxd5 Bf5 31. Qxd8+ 1-0

[Event "Zagreb SuperUnited Blitz"]
[Site "Zagreb"]
[Date "2022.07.24"]
[Round "15"]
[White "Topalov, Veselin"]
[Black "Dominguez Perez, Leinier"]
[Result "1-0"]
[WhiteElo "2728"]
[BlackElo "2754"]
[PlyCount "59"]
[EventDate "2022.07.23"]
[EventType "tourn (blitz)"]
[EventRounds "18"]
[EventCountry "CRO"]
[EventCategory "21"]
[SourceTitle "CBM 209 Extra"]
[Source "ChessBase"]
[SourceDate "2022.09.30"]
[SourceVersion "1"]
[SourceVersionDate "2022.09.30"]
[SourceQuality "1"]

1. c4 c5 2. Nf3 Nf6 3. Nc3 Nc6 4. d4 cxd4 5. Nxd4 e6 6. a3 Be7 7. e4 0-0 8. Nf3 Qa5 9. Bd3 d5 10. 0-0 d4 11. b4 Nxb4 12. axb4 Qxa1 13. Nb5 a6 14. Nc7 Rb8 15. e5 Ne8 16. Nxe8 Rxe8 17. Qc2 Bd7 18. Bxh7+ Kh8 19. Bg5 Qc3 20. Qe4 Qxf3 21. Qxf3 Bxg5 22. Qxf7 Kxh7 23. Qxd7 Rbd8 24. Qxb7 d3 25. h4 Bh6 26. Rd1 d2 27. Qe4+ Kh8 28. g4 g6 29. Qxg6 Bg7 30. Rxd2 1-0

[Event "Zagreb SuperUnited Blitz"]
[Site "Zagreb"]
[Date "2022.07.23"]
[Round "1"]
[White "Firouzja, Alireza"]
[Black "Topalov, Veselin"]
[Result "1/2-1/2"]
[WhiteElo "2793"]
[BlackElo "2728"]
[PlyCount "104"]
[EventDate "2022.07.23"]
[EventType "tourn (blitz)"]
[EventRounds "18"]
[EventCountry "CRO"]
[EventCategory "21"]
[SourceTitle "CBM 209 Extra"]
[Source "ChessBase"]
[SourceDate "2022.09.30"]
[SourceVersion "1"]
[SourceVersionDate "2022.09.30"]
[SourceQuality "1"]

1. e4 e5 2. Nf3 Nc6 3. Bb5 a6 4. Ba4 Nf6 5. 0-0 Be7 6. Re1 b5 7. Bb3 0-0 8. d3 d6 9. c3 Na5 10. Bc2 c5 11. Nbd2 Nc6 12. Nf1 Re8 13. h3 h6 14. Ne3 Be6 15. a3 Bf8 16. b4 Rb8 17. Rb1 d5 18. exd5 Nxd5 19. Nxd5 Bxd5 20. Be3 cxb4 21. axb4 a5 22. bxa5 Qxa5 23. Bd2 b4 24. Bb3 Bxb3 25. Rxb3 Qd5 26. Qc2 bxc3 27. Rxb8 Rxb8 28. Bxc3 f6 29. Re4 Qb3 30. Qd2 Rd8 31. Rg4 Qb1+ 32. Ne1 Kh7 33. Rc4 Qb5 34. Qe2 Qd5 35. Nc2 Ne7 36. d4 Ng6 37. Ne3 Qb5 38. Qc2 exd4 39. Bxd4 Rb8 40. Qd2 Qb1+ 41. Rc1 Qe4 42. f3 Qe6 43. Qd3 Rd8 44. h4 Kg8 45. Qxg6 Rxd4 46. Nf5 Rxh4 47. Kf2 Qb6+ 48. Kg3 Qb8+ 49. Kxh4 Qf4+ 50. Qg4 Qxc1 51. Ng3 Qc5 52. Kh3 Qg5 1/2-1/2

[Event "Zagreb SuperUnited Blitz"]
[Site "Zagreb"]
[Date "2022.07.23"]
[Round "4"]
[White "Saric, Ivan"]
[Black "Topalov, Veselin"]
[Result "1-0"]
[WhiteElo "2680"]
[BlackElo "2728"]
[PlyCount "63"]
[EventDate "2022.07.23"]
[EventType "tourn (blitz)"]
[EventRounds "18"]
[EventCountry "CRO"]
[EventCategory "21"]
[SourceTitle "CBM 209 Extra"]
[Source "ChessBase"]
[SourceDate "2022.09.30"]
[SourceVersion "1"]
[SourceVersionDate "2022.09.30"]
[SourceQuality "1"]

1. e4 c5 2. Nf3 d6 3. d4 cxd4 4. Nxd4 Nf6 5. Nc3 a6 6. h3 e6 7. g4 h6 8. Bg2 Nc6 9. Nxc6 bxc6 10. e5 dxe5 11. Bxc6+ Bd7 12. Bxa8 Qxa8 13. Rg1 Qb7 14. Qe2 Bd6 15. b3 Bc6 16. Rg3 e4 17. Re3 0-0 18. Bb2 Bf4 19. 0-0-0 a5 20. Kb1 a4 21. h4 axb3 22. axb3 Ra8 23. g5 hxg5 24. hxg5 Bxg5 25. Rg1 Ra5 26. Reg3 Bh6 27. Nd1 Nh5 28. Rh3 Qb5 29. Qg4 Qf5 30. Qh4 Qf4 31. Qd8+ Kh7 32. Qxa5 1-0

[Event "Zagreb SuperUnited Blitz"]
[Site "Zagreb"]
[Date "2022.07.23"]
[Round "2"]
[White "Topalov, Veselin"]
[Black "Carlsen, Magnus"]
[Result "0-1"]
[WhiteElo "2728"]
[BlackElo "2864"]
[PlyCount "64"]
[EventDate "2022.07.23"]
[EventType "tourn (blitz)"]
[EventRounds "18"]
[EventCountry "CRO"]
[EventCategory "21"]
[SourceTitle "CBM 209 Extra"]
[Source "ChessBase"]
[SourceDate "2022.09.30"]
[SourceVersion "1"]
[SourceVersionDate "2022.09.30"]
[SourceQuality "1"]

1. e4 e5 2. Nf3 Nc6 3. Bc4 Nf6 4. d3 Be7 5. Nc3 d6 6. a3 0-0 7. 0-0 h6 8. h3 Re8 9. Be3 Bf8 10. Re1 Ne7 11. d4 exd4 12. Bxd4 Nc6 13. e5 Nxd4 14. Qxd4 dxe5 15. Qxd8 Rxd8 16. Nxe5 Be6 17. Bxe6 fxe6 18. Nc4 Rd4 19. Na5 Rd2 20. Re2 Rxe2 21. Nxe2 Rd8 22. Kf1 Rd5 23. Nb3 Ne4 24. Nf4 Rf5 25. Nd3 c5 26. c4 Nd6 27. Rc1 b6 28. Ke2 Be7 29. g3 e5 30. g4 Rf6 31. Nxe5 Re6 32. f4 g5 0-1

[Event "Zagreb SuperUnited Rapid"]
[Site "Zagreb"]
[Date "2022.07.22"]
[Round "8"]
[White "Topalov, Veselin"]
[Black "Saric, Ivan"]
[Result "1-0"]
[WhiteElo "2728"]
[BlackElo "2680"]
[PlyCount "71"]
[EventDate "2022.07.20"]
[EventType "tourn (rapid)"]
[EventRounds "9"]
[EventCountry "CRO"]
[EventCategory "21"]
[SourceTitle "CBM 209 Extra"]
[Source "ChessBase"]
[SourceDate "2022.09.30"]
[SourceVersion "1"]
[SourceVersionDate "2022.09.30"]
[SourceQuality "1"]

1. e4 c5 2. Nf3 d6 3. d4 cxd4 4. Nxd4 Nf6 5. Nc3 a6 6. Be3 e5 7. Nf3 Be7 8. Bc4 Be6 9. Bxe6 fxe6 10. Ng5 Qd7 11. Qf3 d5 12. 0-0-0 d4 13. Bxd4 exd4 14. e5 0-0 15. Qh3 h6 16. exf6 Rxf6 17. Nge4 Rf5 18. Ne2 Nc6 19. Kb1 Rd8 20. c3 Qd5 21. f3 Qb5 22. Rhe1 Ba3 23. b3 d3 24. N2g3 d2 25. Re3 Qe5 26. Nf1 Rh5 27. Qg3 Qf5 28. Qc7 Qg6 29. Qxb7 Na5 30. Qxa6 Qxg2 31. Qxe6+ Kh8 32. Kc2 Bc1 33. Qg4 Rxh2 34. Nxh2 Qxh2 35. f4 Nc6 36. Rh3 1-0

[Event "Zagreb SuperUnited Rapid"]
[Site "Zagreb"]
[Date "2022.07.22"]
[Round "7"]
[White "Van Foreest, Jorden"]
[Black "Topalov, Veselin"]
[Result "1-0"]
[WhiteElo "2678"]
[BlackElo "2728"]
[PlyCount "91"]
[EventDate "2022.07.20"]
[EventType "tourn (rapid)"]
[EventRounds "9"]
[EventCountry "CRO"]
[EventCategory "21"]
[SourceTitle "CBM 209 Extra"]
[Source "ChessBase"]
[SourceDate "2022.09.30"]
[SourceVersion "1"]
[SourceVersionDate "2022.09.30"]
[SourceQuality "1"]

1. e4 e5 2. Nf3 Nc6 3. Bb5 a6 4. Ba4 Nf6 5. 0-0 Be7 6. d3 b5 7. Bb3 d6 8. c3 0-0 9. Re1 Na5 10. Bc2 c5 11. Nbd2 Nc6 12. h3 Re8 13. a4 b4 14. Nc4 Be6 15. Bb3 h6 16. Ne3 Rb8 17. Bc4 Qc8 18. Nd5 Bxd5 19. Bxd5 bxc3 20. bxc3 Nxd5 21. exd5 Na5 22. Be3 c4 23. d4 Nb3 24. Rb1 e4 25. Nd2 Nxd2 26. Rxb8 Qxb8 27. Bxd2 f5 28. Qh5 Rf8 29. Bxh6 Qa8 30. Qg6 Bf6 31. f3 Qxd5 32. fxe4 fxe4 33. Rxe4 Qf7 34. Qg4 d5 35. Re6 Kh7 36. Bd2 a5 37. Qf5+ Qg6 38. Qxd5 Rb8 39. Bf4 Rb2 40. Kh2 Rc2 41. Qf3 Qf5 42. Re3 Ra2 43. Be5 Qxf3 44. Rxf3 Bxe5+ 45. dxe5 Kg6 46. Rf4 1-0

[Event "Zagreb SuperUnited Rapid"]
[Site "Zagreb"]
[Date "2022.07.20"]
[Round "1"]
[White "Topalov, Veselin"]
[Black "Vachier Lagrave, Maxime"]
[Result "0-1"]
[WhiteElo "2728"]
[BlackElo "2760"]
[PlyCount "64"]
[EventDate "2022.07.20"]
[EventType "tourn (rapid)"]
[EventRounds "9"]
[EventCountry "CRO"]
[EventCategory "21"]
[SourceTitle "CBM 209 Extra"]
[Source "ChessBase"]
[SourceDate "2022.09.30"]
[SourceVersion "1"]
[SourceVersionDate "2022.09.30"]
[SourceQuality "1"]

1. d4 Nf6 2. c4 g6 3. Nf3 Bg7 4. e3 0-0 5. Be2 c5 6. d5 e6 7. Nc3 d6 8. e4 Na6 9. 0-0 Nc7 10. Be3 b6 11. h3 Nh5 12. dxe6 Nxe6 13. Qc1 Bb7 14. Rd1 Bxc3 15. Qxc3 Bxe4 16. g3 Re8 17. Rd2 Nhg7 18. g4 Qe7 19. Rad1 Rad8 20. Nh2 f5 21. Bh6 Nd4 22. Rxd4 cxd4 23. Rxd4 Ne6 24. Rd1 Qh4 25. Bc1 Ng5 26. Bf1 fxg4 27. hxg4 Rf8 28. f4 Ba8 29. c5 bxc5 30. Qb3+ Rf7 31. Bd2 Ne4 32. Ba5 Qf2+ 0-1

[Event "Norway Chess 10th"]
[Site "Stavanger"]
[Date "2022.06.10"]
[Round "9"]
[White "Topalov, Veselin"]
[Black "Carlsen, Magnus"]
[Result "1/2-1/2"]
[WhiteElo "2730"]
[BlackElo "2864"]
[PlyCount "69"]
[EventDate "2022.05.31"]
[EventType "tourn"]
[EventRounds "9"]
[EventCountry "NOR"]
[EventCategory "21"]
[SourceTitle "CBM 209"]
[Source "ChessBase"]
[SourceDate "2022.08.31"]
[SourceVersion "1"]
[SourceVersionDate "2022.08.31"]
[SourceQuality "1"]

1. e4 e5 2. Nf3 Nc6 3. Bc4 Nf6 4. d3 Bc5 5. c3 d6 6. 0-0 a5 7. Re1 Ba7 8. Nbd2 0-0 9. Nf1 Be6 10. Bxe6 fxe6 11. Be3 Bxe3 12. Rxe3 Qd7 13. Rc1 a4 14. Ng3 Qf7 15. d4 h6 16. Qe2 Ra5 17. h3 Nh5 18. Nxh5 Qxh5 19. Rd1 Qf7 20. a3 exd4 21. cxd4 Ne7 22. g3 Nc8 23. Nh4 Nb6 24. e5 dxe5 25. Rf3 Qe8 26. Rxf8+ Qxf8 27. Ng6 Qe8 28. Nxe5 Rd5 29. Qc2 Qd8 30. Rd3 Rxd4 31. Rxd4 Qxd4 32. Qxc7 Kh7 33. Qc2+ Kg8 34. Qe2 Nd7 35. Nxd7 1/2-1/2

[Event "Norway Chess 10th"]
[Site "Stavanger"]
[Date "2022.06.09"]
[Round "8"]
[White "So, Wesley"]
[Black "Topalov, Veselin"]
[Result "1/2-1/2"]
[WhiteElo "2776"]
[BlackElo "2730"]
[PlyCount "63"]
[EventDate "2022.05.31"]
[EventType "tourn"]
[EventRounds "9"]
[EventCountry "NOR"]
[EventCategory "21"]
[SourceTitle "CBM 209"]
[Source "ChessBase"]
[SourceDate "2022.08.31"]
[SourceVersion "1"]
[SourceVersionDate "2022.08.31"]
[SourceQuality "1"]

1. e4 e5 2. Nf3 Nc6 3. Bb5 Nf6 4. 0-0 Nxe4 5. Re1 Nd6 6. Nxe5 Be7 7. Bf1 Nxe5 8. Rxe5 0-0 9. d4 Bf6 10. Re1 Re8 11. c3 Rxe1 12. Qxe1 Ne8 13. a4 a5 14. Bf4 d5 15. Nd2 c6 16. h3 g6 17. Nf3 Nd6 18. Bd3 Bf5 19. Bxf5 Nxf5 20. Qe2 Qe7 21. Re1 Qxe2 22. Rxe2 Ng7 23. Be5 Bxe5 24. Nxe5 f6 25. Nd3 Kf7 26. g4 Ne6 27. Kg2 h5 28. Re3 hxg4 29. hxg4 g5 30. Rh3 Kg6 31. Re3 Kf7 32. Rh3 1/2-1/2

[Event "Norway Chess Armageddon 10th"]
[Site "Stavanger"]
[Date "2022.06.03"]
[Round "4"]
[White "Topalov, Veselin"]
[Black "Tari, Aryan"]
[Result "1-0"]
[WhiteElo "2730"]
[BlackElo "2654"]
[PlyCount "63"]
[EventDate "2022.05.31"]
[EventType "tourn (rapid)"]
[EventRounds "9"]
[EventCountry "NOR"]
[EventCategory "21"]
[SourceTitle "CBM 209"]
[Source "ChessBase"]
[SourceDate "2022.08.31"]
[SourceVersion "1"]
[SourceVersionDate "2022.08.31"]
[SourceQuality "1"]

1. e4 e5 2. Nf3 Nc6 3. Bc4 Nf6 4. d3 Bc5 5. Nc3 h6 6. h3 a6 7. Be3 d6 8. 0-0 0-0 9. a4 Re8 10. Nd5 Be6 11. Bxc5 dxc5 12. Ne3 Qd7 13. a5 Rad8 14. Nd2 Bxc4 15. Ndxc4 Qe6 16. Qe1 Nd4 17. Kh2 Nh5 18. f3 Nf4 19. Qf2 g6 20. Rfd1 h5 21. h4 Qf6 22. c3 Nc6 23. g3 Nxd3 24. Qf1 Nf4 25. gxf4 Qxf4+ 26. Kh3 Ne7 27. Qf2 g5 28. Qg3 Ng6 29. hxg5 c6 30. Nf5 h4 31. Qxf4 Nxf4+ 32. Kxh4 1-0

[Event "Norway Chess 10th"]
[Site "Stavanger"]
[Date "2022.06.02"]
[Round "3"]
[White "Mamedyarov, Shakhriyar"]
[Black "Topalov, Veselin"]
[Result "1/2-1/2"]
[WhiteElo "2759"]
[BlackElo "2730"]
[PlyCount "114"]
[EventDate "2022.05.31"]
[EventType "tourn"]
[EventRounds "9"]
[EventCountry "NOR"]
[EventCategory "21"]
[SourceTitle "CBM 209"]
[Source "ChessBase"]
[SourceDate "2022.08.31"]
[SourceVersion "1"]
[SourceVersionDate "2022.08.31"]
[SourceQuality "1"]

1. d4 d5 2. c4 c6 3. Nf3 Nf6 4. g3 Bf5 5. Nc3 e6 6. Nh4 dxc4 7. Nxf5 exf5 8. e3 Nbd7 9. Bxc4 Nb6 10. Bf1 Bd6 11. Bg2 0-0 12. Qd3 g6 13. Bd2 Re8 14. 0-0-0 Qe7 15. f3 c5 16. Kb1 cxd4 17. exd4 Qd7 18. Rhe1 Rxe1 19. Rxe1 Bc5 20. f4 Bf8 21. Qb5 Qxd4 22. Be3 Qd6 23. Rd1 Qe6 24. Bxb6 axb6 25. Bxb7 Ra5 26. Qc6 Rc5 27. Qxe6 fxe6 28. Bf3 Rc7 29. a3 Kf7 30. Na4 Nd7 31. Be2 Rb7 32. b4 e5 33. Bb5 Ke6 34. Kc2 exf4 35. gxf4 Bh6 36. Rd4 Nf6 37. Kb3 Nh5 38. Rc4 Bxf4 39. Rc6+ Ke5 40. Nxb6 Bxh2 41. a4 Bg1 42. Nc4+ Kf4 43. Nd6 Re7 44. a5 Nf6 45. Rc1 Bf2 46. Rc2 Kg3 47. Bc6 Re6 48. Rd2 f4 49. b5 Bc5 50. Rd3+ Re3 51. Ne4+ Nxe4 52. Bxe4 f3 53. Kc4 Rxd3 54. Bxd3 Be3 55. b6 h5 56. Kb5 h4 57. a6 Bxb6 1/2-1/2

[Event "Norway Chess 10th"]
[Site "Stavanger"]
[Date "2022.06.01"]
[Round "2"]
[White "Topalov, Veselin"]
[Black "Anand, Viswanathan"]
[Result "0-1"]
[WhiteElo "2730"]
[BlackElo "2751"]
[PlyCount "73"]
[EventDate "2022.05.31"]
[EventType "tourn"]
[EventRounds "9"]
[EventCountry "NOR"]
[EventCategory "21"]
[SourceTitle "CBM 209"]
[Source "ChessBase"]
[SourceDate "2022.08.31"]
[SourceVersion "1"]
[SourceVersionDate "2022.08.31"]
[SourceQuality "1"]

1. d4 d5 2. c4 dxc4 3. e4 b5 4. a4 c6 5. Nc3 b4 6. Nb1 Ba6 7. Qc2 Qxd4 8. Nf3 Qd7 9. Bxc4 Bxc4 10. Qxc4 e6 11. Be3 Nf6 12. Nbd2 Be7 13. 0-0 0-0 14. Rfd1 c5 15. Bxc5 Rc8 16. Nb3 Qc7 17. Qb5 a6 18. Qxb4 Nc6 19. Qe1 Rab8 20. Bxe7 Qxe7 21. Nfd2 Qb4 22. Qe2 Nd4 23. Nxd4 Qxd4 24. b3 h6 25. Ra2 a5 26. h3 Qb4 27. Qe1 Rc3 28. Rb2 Rd8 29. Rdb1 Nd7 30. Qe2 Rb8 31. Rd1 Nc5 32. Rbb1 Rd3 33. e5 Rd5 34. Nc4 Rxd1+ 35. Qxd1 Nxa4 36. Ra1 Nc3 37. Qd6 0-1

[Event "Norway Chess 10th"]
[Site "Stavanger"]
[Date "2022.05.31"]
[Round "1"]
[White "Giri, Anish"]
[Black "Topalov, Veselin"]
[Result "1/2-1/2"]
[WhiteElo "2761"]
[BlackElo "2730"]
[PlyCount "63"]
[EventDate "2022.05.31"]
[EventType "tourn"]
[EventRounds "9"]
[EventCountry "NOR"]
[EventCategory "21"]
[SourceTitle "CBM 209"]
[Source "ChessBase"]
[SourceDate "2022.08.31"]
[SourceVersion "1"]
[SourceVersionDate "2022.08.31"]
[SourceQuality "1"]

1. d4 Nf6 2. c4 e6 3. Nf3 d5 4. g3 Bb4+ 5. Bd2 Be7 6. Bg2 0-0 7. 0-0 Nbd7 8. Qc2 c6 9. Bf4 b6 10. Nbd2 Nh5 11. e3 Nxf4 12. exf4 Bb7 13. cxd5 cxd5 14. Rfc1 Rc8 15. Qa4 a6 16. Qb3 b5 17. Rxc8 Qxc8 18. a4 bxa4 19. Qxa4 Nb6 20. Qd1 Nc4 21. Rc1 Qb8 22. Nxc4 dxc4 23. Qe2 Bf6 24. Rxc4 Bd5 25. Rc1 Bxf3 26. Bxf3 Bxd4 27. Ra1 Qxb2 28. Qxb2 Bxb2 29. Rxa6 g6 30. Kg2 Kg7 31. Ra8 Rxa8 32. Bxa8 1/2-1/2